| 000 | 00359nam a22001217a 4500 | ||
|---|---|---|---|
| 082 | _a220 PRO | ||
| 100 |
_aSAEED, HAFIZ ABUBAKER, ROHAIL _971395 |
||
| 245 | _aPR-SOF-1301-WIRELESS POWER TRANSMISSION USING RESONANCE COUPLING | ||
| 260 |
_aISLAMABAD _bNUST COLLEGE OF EME _c2013 |
||
| 650 |
_aDE-ELECT-31 _971396 |
||
| 700 |
_aTAOSIF IQBAL _971397 |
||
| 942 | _cCR | ||
| 999 |
_c577936 _d577936 |
||